000 00298nam a22001337a 4500
008 170627b xxu||||| |||| 00| 0 eng d
020 _a
041 _aeng
080 _a82
100 _a21
101 _aGJL
245 _aTHE AMAZONS OF GREEK MYTHOLOGY
_cSOBOL,D.J
942 _2udc
_cBK
999 _c19247
_d19247